| 000 | 00627nab a2200253 a 4500 | ||
|---|---|---|---|
| 001 | 57453 | ||
| 003 | 128694 | ||
| 005 | 20201118103325.0 | ||
| 008 | ||||||n9999 ||| || || | ||
| 041 | _aspa | ||
| 100 | _aPosada Lecompte, Margarita | ||
| 245 | 0 | _aRetomar el sentido de la educacion | |
| 260 |
_aBogotá : _bInespro, _c1998. |
||
| 300 | _app.22-30 | ||
| 562 | _e0 | ||
| 650 | _aANÁLISIS DE CASOS | ||
| 650 | _aCOLOMBIA | ||
| 650 | _aEDUCACION PREESCOLAR | ||
| 650 | _aPROGRAMAS DE ENSENANZA | ||
| 650 | _aROLES | ||
| 650 | _aVALORES MORALES | ||
| 773 |
_054786 _aDialéctica - No.5 |
||
| 942 | _cSART | ||
| 999 |
_c57453 _d57453 |
||